[Event "FICGS rapid E 000172 email"]
[Site "FICGS email"]
[Date "2016.04.17"]
[Round "1"]
[White "Joubert, Hennie"]
[Black "Stoyanov, Zdravko"]
[Result "1-0"]
[WhiteElo "1262"]
[BlackElo "1155"]
[PlyCount "33"]
[EventDate "2016.??.??"]
[EventType "tourn (rapid)"]
[EventRounds "6"]
[SourceTitle "Corr 2022"]
[Source "ChessBase"]
[SourceDate "2021.10.24"]
[SourceVersion "1"]
[SourceVersionDate "2021.10.24"]
[SourceQuality "1"]

1. e4 c5 2. Nf3 a6 3. d4 cxd4 4. Nxd4 h6 5. c4 e5 6. Nb3 d6 7. Nc3 Nc6 8. Be2 Nf6 9. 0-0 Be7 10. Be3 0-0 11. f3 Be6 12. Nd5 Bxd5 13. cxd5 Na7 14. Rc1 Nd7 15. Qd2 Nb5 16. Na5 Nd4 17. Bxd4 1-0

[Event "FICGS rapid E 000171 email"]
[Site "FICGS email"]
[Date "2016.03.27"]
[Round "1"]
[White "Kehayov, Yulian"]
[Black "Stoyanov, Zdravko"]
[Result "1-0"]
[WhiteElo "1005"]
[BlackElo "1155"]
[PlyCount "77"]
[EventDate "2016.??.??"]
[EventType "tourn (rapid)"]
[EventRounds "6"]
[SourceTitle "Corr 2022"]
[Source "ChessBase"]
[SourceDate "2021.10.24"]
[SourceVersion "1"]
[SourceVersionDate "2021.10.24"]
[SourceQuality "1"]

1. e4 c5 2. d4 a6 3. dxc5 h6 4. Nf3 Qa5+ 5. Qd2 Qxc5 6. Bd3 Nf6 7. 0-0 e5 8. Nc3 d6 9. Nd5 Nxd5 10. exd5 Qxd5 11. Be2 Qxd2 12. Bxd2 b5 13. a3 Be7 14. b3 0-0 15. c4 Bb7 16. cxb5 axb5 17. Bxb5 Bxf3 18. gxf3 Na6 19. Bxa6 Rxa6 20. Rfe1 Rb8 21. b4 Rc6 22. f4 Bf6 23. fxe5 Bxe5 24. Rac1 Rxc1 25. Rxc1 Bb2 26. Rb1 Bd4 27. Kg2 Rb5 28. a4 Re5 29. Re1 Rf5 30. f4 g5 31. fxg5 hxg5 32. a5 Rf2+ 33. Kg3 Rxd2 34. h3 Bf2+ 35. Kg4 f6 36. Re8+ Kf7 37. Rb8 Ra2 38. Rb7+ Ke6 39. Rb6 1-0

[Event "FICGS class F 000176 email"]
[Site "FICGS email"]
[Date "2016.03.27"]
[Round "1"]
[White "Stoyanov, Zdravko"]
[Black "Kehayov, Yulian"]
[Result "0-1"]
[WhiteElo "1155"]
[BlackElo "1005"]
[PlyCount "70"]
[EventDate "2016.??.??"]
[EventType "tourn (corr)"]
[EventRounds "5"]
[SourceTitle "Corr 2022"]
[Source "ChessBase"]
[SourceDate "2021.10.24"]
[SourceVersion "1"]
[SourceVersionDate "2021.10.24"]
[SourceQuality "1"]

1. e4 e5 2. Nf3 d6 3. h3 Nf6 4. c3 Be7 5. a3 0-0 6. d3 d5 7. exd5 Nxd5 8. c4 Nf6 9. Be3 b6 10. Nxe5 c5 11. Qf3 Nbd7 12. Nc6 Bb7 13. Nxe7+ Qxe7 14. Qxb7 Qe5 15. Nc3 Rfe8 16. Be2 Qf5 17. Nd5 Ne5 18. Ne7+ Kh8 19. Nxf5 Reb8 20. Qa6 g6 21. Ng3 Kg7 22. 0-0 Rd8 23. Bg5 Nxd3 24. Bxf6+ Kxf6 25. Ne4+ Kg7 26. Qb7 Ne5 27. Ng5 h6 28. Ne6+ Kg8 29. Nxd8 Rxd8 30. f4 Kg7 31. fxe5 Rd2 32. Qxf7+ Kh8 33. Qf6+ Kh7 34. Qe7+ Kg8 35. Bg4 Rxb2 0-1

[Event "FICGS rapid E 000171 email"]
[Site "FICGS email"]
[Date "2016.03.27"]
[Round "1"]
[White "Stoyanov, Zdravko"]
[Black "Pipac, Darko"]
[Result "1-0"]
[WhiteElo "1155"]
[BlackElo "1222"]
[PlyCount "125"]
[EventDate "2016.??.??"]
[EventType "tourn (rapid)"]
[EventRounds "6"]
[SourceTitle "Corr 2022"]
[Source "ChessBase"]
[SourceDate "2021.10.24"]
[SourceVersion "1"]
[SourceVersionDate "2021.10.24"]
[SourceQuality "1"]

1. e4 e5 2. Nf3 Nc6 3. Bb5 d6 4. Bxc6+ bxc6 5. h3 Nf6 6. d3 h6 7. a3 Qe7 8. 0-0 d5 9. exd5 cxd5 10. Re1 e4 11. Nc3 Bf5 12. Nd4 Bg6 13. dxe4 dxe4 14. f3 0-0-0 15. Ncb5 Qc5 16. fxe4 Bxe4 17. Be3 Qb6 18. Qe2 Bc5 19. b4 Bxd4 20. Bxd4 Rxd4 21. Nxd4 Qxd4+ 22. Kh1 Re8 23. Rad1 Qb6 24. Qc4 Qe6 25. Qxe6+ Rxe6 26. Kh2 Bxc2 27. Rxe6 Bxd1 28. Re7 Bb3 29. Re3 Ba4 30. Kg3 h5 31. Re5 Bb3 32. Ra5 Kb7 33. Kf4 g6 34. a4 c6 35. b5 Kb6 36. Ra6+ Kb7 37. Rxc6 Nd5+ 38. Kg5 Nb6 39. Rf6 Nxa4 40. Rf3 Kb6 41. Rxb3 Nc5 42. Ra3 Nb7 43. Rb3 Nd6 44. Kf6 Kc7 45. Ke7 Nf5+ 46. Kxf7 Nd6+ 47. Kxg6 Kb6 48. Kxh5 Nxb5 49. g4 a5 50. g5 a4 51. Rb1 Ka5 52. g6 Nd6 53. g7 Ne8 54. Kh6 Nf6 55. Kg6 Nd5 56. Kf7 a3 57. g8Q a2 58. Ra1 Nc3 59. Qa8+ Kb4 60. Qb7+ Ka3 61. Rg1 Ne2 62. Qf3+ Nc3 63. Qxc3+ 1-0

[Event "FICGS class F 000176 email"]
[Site "FICGS email"]
[Date "2016.03.27"]
[Round "1"]
[White "Stoyanov, Zdravko"]
[Black "Strohmeier, Josef"]
[Result "0-1"]
[WhiteElo "1155"]
[BlackElo "1333"]
[PlyCount "24"]
[EventDate "2016.??.??"]
[EventType "tourn (corr)"]
[EventRounds "5"]
[SourceTitle "Corr 2022"]
[Source "ChessBase"]
[SourceDate "2021.10.24"]
[SourceVersion "1"]
[SourceVersionDate "2021.10.24"]
[SourceQuality "1"]

1. e4 c5 2. Nf3 Nc6 3. Bb5 g6 4. Bxc6 bxc6 5. h3 Bg7 6. 0-0 d6 7. Re1 Nf6 8. a3 0-0 9. Nc3 e5 10. d3 h6 11. Be3 Rb8 12. b3 Ne8 0-1

[Event "FICGS rapid E 000171 email"]
[Site "FICGS email"]
[Date "2016.03.27"]
[Round "1"]
[White "Strohmeier, Josef"]
[Black "Stoyanov, Zdravko"]
[Result "1-0"]
[WhiteElo "1333"]
[BlackElo "1155"]
[PlyCount "25"]
[EventDate "2016.??.??"]
[EventType "tourn (rapid)"]
[EventRounds "6"]
[SourceTitle "Corr 2022"]
[Source "ChessBase"]
[SourceDate "2021.10.24"]
[SourceVersion "1"]
[SourceVersionDate "2021.10.24"]
[SourceQuality "1"]

1. e4 c5 2. Nf3 a6 3. d4 cxd4 4. Nxd4 e5 5. Nb3 Nc6 6. c3 d6 7. N1d2 h6 8. Be2 Nf6 9. 0-0 Be7 10. f4 exf4 11. Rxf4 Ne5 12. Rf1 Bg4 13. h3 1-0

[Event "FICGS rapid E 000168 email"]
[Site "FICGS email"]
[Date "2016.02.05"]
[Round "1"]
[White "Barradas, Anderson"]
[Black "Stoyanov, Zdravko"]
[Result "1/2-1/2"]
[WhiteElo "1295"]
[BlackElo "1192"]
[PlyCount "119"]
[EventDate "2016.??.??"]
[EventType "tourn (rapid)"]
[EventRounds "6"]
[SourceTitle "Corr 2022"]
[Source "ChessBase"]
[SourceDate "2021.10.24"]
[SourceVersion "1"]
[SourceVersionDate "2021.10.24"]
[SourceQuality "1"]

1. e4 c5 2. Nf3 a6 3. d4 cxd4 4. Nxd4 e6 5. Nc3 h6 6. Be3 e5 7. Nb3 d6 8. Nd5 Nd7 9. Bc4 b5 10. Be2 Bb7 11. Na5 Bxd5 12. Qxd5 Qxa5+ 13. c3 Ngf6 14. Qxa8+ Ke7 15. 0-0 g6 16. Qc6 Bg7 17. b4 Qd8 18. Rad1 Nb8 19. Qb7+ Nfd7 20. Rxd6 Kxd6 21. Bc5+ Nxc5 22. Rd1+ Ke6 23. bxc5 Qf8 24. Rd6+ Qxd6 25. cxd6 Kxd6 26. Qd5+ Ke7 27. g3 Rd8 28. Qc5+ Ke8 29. c4 Nd7 30. Qc6 Kf8 31. cxb5 axb5 32. Bxb5 Nf6 33. Qc5+ Kg8 34. f3 Nh7 35. h4 Nf8 36. Bc4 Nd7 37. Qe7 Bf6 38. Qxf7+ Kh8 39. Qxg6 Bg7 40. Be6 Nf6 41. g4 Nh7 42. a4 Rf8 43. Kg2 Rf6 44. Qe8+ Nf8 45. g5 Rxe6 46. Qh5 Rg6 47. a5 Ra6 48. g6 Rxg6+ 49. Kf2 Ra6 50. Kg3 Rxa5 51. Kg4 Ra6 52. Qe8 Rg6+ 53. Kf5 Rf6+ 54. Kg4 Rf4+ 55. Kg3 Kh7 56. h5 Rf6 57. Kg4 Re6 58. Qf7 Rf6 59. Qe7 Re6 60. Qf7 1/2-1/2

[Event "FICGS class F 000173 email"]
[Site "FICGS email"]
[Date "2016.02.05"]
[Round "1"]
[White "Goldmund, Heike"]
[Black "Stoyanov, Zdravko"]
[Result "0-1"]
[WhiteElo "1188"]
[BlackElo "1192"]
[PlyCount "42"]
[EventDate "2016.??.??"]
[EventType "tourn (corr)"]
[EventRounds "5"]
[SourceTitle "Corr 2022"]
[Source "ChessBase"]
[SourceDate "2021.10.24"]
[SourceVersion "1"]
[SourceVersionDate "2021.10.24"]
[SourceQuality "1"]

1. e4 c5 2. c3 a6 3. d4 cxd4 4. cxd4 e6 5. Nf3 h6 6. Nc3 Bb4 7. Bd2 Bxc3 8. bxc3 Ne7 9. Bd3 0-0 10. 0-0 b5 11. Qc2 Bb7 12. Rfe1 Nbc6 13. d5 exd5 14. exd5 Nxd5 15. Nd4 Nxd4 16. cxd4 Re8 17. Rxe8+ Qxe8 18. Be4 Rc8 19. Qb3 Qxe4 20. Be3 Nxe3 21. fxe3 Qxg2# 0-1

[Event "FICGS class F 000173 email"]
[Site "FICGS email"]
[Date "2016.02.05"]
[Round "1"]
[White "Stoyanov, Zdravko"]
[Black "Benreguia, Frederic"]
[Result "1-0"]
[WhiteElo "1192"]
[BlackElo "861"]
[PlyCount "71"]
[EventDate "2016.??.??"]
[EventType "tourn (corr)"]
[EventRounds "5"]
[SourceTitle "Corr 2022"]
[Source "ChessBase"]
[SourceDate "2021.10.24"]
[SourceVersion "1"]
[SourceVersionDate "2021.10.24"]
[SourceQuality "1"]

1. e4 e6 2. Nf3 g6 3. Be2 Bg7 4. 0-0 Ne7 5. h3 0-0 6. c3 c6 7. d4 b5 8. a3 d5 9. e5 f6 10. Bf4 g5 11. Be3 h6 12. Nbd2 fxe5 13. Nb3 e4 14. Ne5 Kh7 15. Nc5 a5 16. Bg4 Nf5 17. a4 Nxe3 18. fxe3 Bxe5 19. dxe5 Rxf1+ 20. Qxf1 Qe8 21. Qf6 Na6 22. Nxe6 Bxe6 23. Bxe6 Nc7 24. Bf7 Qf8 25. Qg6+ Kh8 26. Rf1 bxa4 27. Bxd5 Qg7 28. Qxc6 Rd8 29. Bxe4 Qxe5 30. Rf5 Qg7 31. Rxa5 Rd1+ 32. Kf2 Rd2+ 33. Ke1 Rxb2 34. Ra7 Rxg2 35. Bxg2 h5 36. Rxc7 1-0

[Event "FICGS rapid E 000168 email"]
[Site "FICGS email"]
[Date "2016.02.05"]
[Round "1"]
[White "Stoyanov, Zdravko"]
[Black "Goldmund, Heike"]
[Result "0-1"]
[WhiteElo "1192"]
[BlackElo "1188"]
[PlyCount "60"]
[EventDate "2016.??.??"]
[EventType "tourn (rapid)"]
[EventRounds "6"]
[SourceTitle "Corr 2022"]
[Source "ChessBase"]
[SourceDate "2021.10.24"]
[SourceVersion "1"]
[SourceVersionDate "2021.10.24"]
[SourceQuality "1"]

1. e4 d5 2. e5 Bf5 3. d4 e6 4. h3 c5 5. c3 Nc6 6. Bd3 Bxd3 7. Nf3 Bg6 8. Bg5 Be7 9. Bxe7 Ngxe7 10. 0-0 Qb6 11. b3 0-0 12. Na3 cxd4 13. cxd4 Nf5 14. Nc2 Rac8 15. Rc1 Nb4 16. Nxb4 Qxb4 17. Re1 Ne7 18. Nh4 Rxc1 19. Qxc1 Rc8 20. Qd1 Bc2 21. Qg4 Qxe1+ 22. Kh2 Qxf2 23. Qg5 Nf5 24. Nf3 Be4 25. Qg4 Bxf3 26. Qxf3 Qxf3 27. gxf3 Rc2+ 28. Kg1 Rxa2 29. f4 Nxd4 30. b4 Nb5 0-1

[Event "FICGS rapid E 000165 email"]
[Site "FICGS email"]
[Date "2015.12.13"]
[Round "1"]
[White "Klawitter, Bernd"]
[Black "Stoyanov, Zdravko"]
[Result "1-0"]
[WhiteElo "1466"]
[BlackElo "1227"]
[PlyCount "61"]
[EventDate "2015.??.??"]
[EventType "tourn (rapid)"]
[EventRounds "6"]
[SourceTitle "Corr 2022"]
[Source "ChessBase"]
[SourceDate "2021.10.24"]
[SourceVersion "1"]
[SourceVersionDate "2021.10.24"]
[SourceQuality "1"]

1. e4 c5 2. c3 a6 3. Nf3 Nc6 4. d3 h6 5. Be2 d6 6. 0-0 e5 7. Kh1 Nf6 8. h3 Be7 9. Nh2 0-0 10. f4 exf4 11. Bxf4 b5 12. Ng4 Nxg4 13. Bxg4 Bxg4 14. Qxg4 Bg5 15. Bxg5 Ne5 16. Bxd8 Nxg4 17. hxg4 Rfxd8 18. Nd2 d5 19. exd5 Rxd5 20. Rf3 Rad8 21. Ne4 Rxd3 22. Rxd3 Rxd3 23. Nxc5 Rd2 24. b4 Rc2 25. Nxa6 Rxc3 26. a4 bxa4 27. Rxa4 Rc4 28. Nc5 Rxg4 29. b5 Rg5 30. Rc4 Rg3 31. b6 1-0

[Event "FICGS rapid E 000165 email"]
[Site "FICGS email"]
[Date "2015.12.13"]
[Round "1"]
[White "Stoyanov, Zdravko"]
[Black "Benone, Mateia"]
[Result "0-1"]
[WhiteElo "1227"]
[BlackElo "990"]
[PlyCount "28"]
[EventDate "2015.??.??"]
[EventType "tourn (rapid)"]
[EventRounds "6"]
[SourceTitle "Corr 2022"]
[Source "ChessBase"]
[SourceDate "2021.10.24"]
[SourceVersion "1"]
[SourceVersionDate "2021.10.24"]
[SourceQuality "1"]

1. e4 c5 2. Nf3 Nc6 3. Bb5 e5 4. d3 Nd4 5. Nxd4 cxd4 6. a3 Nf6 7. Nd2 a6 8. Bc4 b5 9. Ba2 Be7 10. 0-0 0-0 11. h3 Bb7 12. Nb3 d5 13. exd5 Qxd5 14. Na5 Qxg2# 0-1

[Event "FICGS rapid E 000165 email"]
[Site "FICGS email"]
[Date "2015.12.13"]
[Round "1"]
[White "Stoyanov, Zdravko"]
[Black "Hops, Erik"]
[Result "0-1"]
[WhiteElo "1227"]
[BlackElo "1283"]
[PlyCount "68"]
[EventDate "2015.??.??"]
[EventType "tourn (rapid)"]
[EventRounds "6"]
[SourceTitle "Corr 2022"]
[Source "ChessBase"]
[SourceDate "2021.10.24"]
[SourceVersion "1"]
[SourceVersionDate "2021.10.24"]
[SourceQuality "1"]

1. e4 e5 2. Nf3 Nc6 3. Bb5 a6 4. Bxc6 dxc6 5. h3 Bd6 6. 0-0 Ne7 7. d3 0-0 8. a3 c5 9. c4 Nc6 10. Re1 Be6 11. Nc3 Nd4 12. Nxd4 cxd4 13. Ne2 b5 14. cxb5 axb5 15. Bd2 c5 16. Ng3 g6 17. Bh6 Re8 18. Kh2 c4 19. dxc4 bxc4 20. Rc1 Qe7 21. Qf3 Reb8 22. Rc2 Rb3 23. Qd1 Rab8 24. Qc1 d3 25. Rc3 Rxb2 26. Qa1 Bc5 27. Rf1 Qh4 28. Be3 Bxe3 29. Qe1 Bd2 30. Qd1 Bxc3 31. Qa4 Bd4 32. Qa7 Bxa7 33. a4 Bxf2 34. Nh1 Qf4+ 0-1

[Event "FICGS class F 000167 email"]
[Site "FICGS email"]
[Date "2015.10.17"]
[Round "1"]
[White "Stoyanov, Zdravko"]
[Black "Barradas, Anderson"]
[Result "0-1"]
[WhiteElo "1137"]
[BlackElo "1364"]
[PlyCount "74"]
[EventDate "2015.??.??"]
[EventType "tourn (corr)"]
[EventRounds "5"]
[SourceTitle "Corr 2022"]
[Source "ChessBase"]
[SourceDate "2021.10.24"]
[SourceVersion "1"]
[SourceVersionDate "2021.10.24"]
[SourceQuality "1"]

1. e4 e5 2. Nf3 Nc6 3. h3 Nf6 4. d3 Bc5 5. Be2 0-0 6. Bg5 h6 7. Bh4 Be7 8. a3 Nh7 9. Bxe7 Qxe7 10. 0-0 d6 11. c4 Nd8 12. Re1 Ng5 13. Nbd2 c5 14. b4 b6 15. b5 Nxf3+ 16. Bxf3 a6 17. a4 axb5 18. axb5 Rxa1 19. Qxa1 Bb7 20. Re3 Ne6 21. Qa7 Qc7 22. Bg4 Ra8 23. Qxa8+ Bxa8 24. g3 Nd4 25. Nb1 Qa7 26. Nc3 Qa1+ 27. Nd1 Nc2 28. Kh2 Nxe3 29. Nxe3 Qd4 30. h4 Qxd3 31. Bf3 Bxe4 32. Bxe4 Qxe4 33. h5 f5 34. Kh3 f4 35. Nd5 Qxc4 36. Nc7 fxg3 37. fxg3 e4 0-1

[Event "FICGS rapid E 000159 email"]
[Site "FICGS email"]
[Date "2015.09.24"]
[Round "1"]
[White "Stoyanov, Zdravko"]
[Black "Leurette, Marc Antoine"]
[Result "0-1"]
[WhiteElo "1137"]
[BlackElo "1134"]
[PlyCount "130"]
[EventDate "2015.??.??"]
[EventType "tourn (rapid)"]
[EventRounds "6"]
[SourceTitle "Corr 2022"]
[Source "ChessBase"]
[SourceDate "2021.10.24"]
[SourceVersion "1"]
[SourceVersionDate "2021.10.24"]
[SourceQuality "1"]

1. e4 e5 2. Nf3 Nc6 3. Bb5 a6 4. Bxc6 dxc6 5. h3 Nf6 6. d3 h6 7. a3 c5 8. Be3 Bd6 9. c4 0-0 10. 0-0 c6 11. Nbd2 b5 12. Re1 a5 13. b3 b4 14. axb4 cxb4 15. d4 exd4 16. Nxd4 c5 17. Nb5 Be5 18. Bxc5 Re8 19. Nf3 Bxa1 20. Qxa1 Bd7 21. Rd1 Rc8 22. Be3 Qe7 23. Nd6 Nxe4 24. Nxc8 Bxc8 25. Bd4 Nf6 26. Re1 Qd8 27. Bxf6 gxf6 28. Rxe8+ Qxe8 29. Qxf6 Kh7 30. Qh4 Qg8 31. Ne5 Be6 32. Qe4+ Kh8 33. Qe3 Qg5 34. Nf3 Qg7 35. Ne5 Qf6 36. f4 h5 37. Qf3 h4 38. Nc6 a4 39. bxa4 Bxc4 40. Nxb4 Qb6+ 41. Kh2 Qxb4 42. Qh5+ Kg7 43. Qxh4 Qxa4 44. Qg4+ Kf8 45. Qc8+ Kg7 46. Qg4+ Kf6 47. Qg5+ Ke6 48. Qe5+ Kd7 49. Qd4+ Kc6 50. Qe4+ Kc7 51. Qe5+ Kb6 52. Qd6+ Kb5 53. Qd7+ Kb4 54. Qxa4+ Kxa4 55. h4 Be2 56. Kh3 f5 57. g3 Bg4+ 58. Kg2 Kb4 59. Kf2 Kc4 60. Ke3 Kc3 61. Kf2 Kd3 62. Kg1 Ke3 63. Kg2 Bh5 64. Kg1 Kf3 65. Kh2 Bg4 0-1

[Event "FICGS class F 000165 email"]
[Site "FICGS email"]
[Date "2015.08.28"]
[Round "1"]
[White "Bromo, Alexis"]
[Black "Stoyanov, Zdravko"]
[Result "1-0"]
[WhiteElo "1038"]
[BlackElo "1124"]
[PlyCount "61"]
[EventDate "2015.??.??"]
[EventType "tourn (corr)"]
[EventRounds "5"]
[SourceTitle "Corr 2022"]
[Source "ChessBase"]
[SourceDate "2021.10.24"]
[SourceVersion "1"]
[SourceVersionDate "2021.10.24"]
[SourceQuality "1"]

1. d4 d5 2. c4 dxc4 3. Nc3 h5 4. e4 Bg4 5. f3 Bd7 6. Bxc4 e6 7. Nge2 Bb4 8. a3 Bxc3+ 9. Nxc3 Ne7 10. Bg5 c6 11. d5 exd5 12. exd5 f6 13. Bh4 g5 14. Bg3 c5 15. 0-0 a6 16. Re1 Kf8 17. Bd6 Qb6 18. Bxe7+ Kg7 19. d6 Nc6 20. Bxf6+ Kxf6 21. Nd5+ Kg6 22. Nxb6 Rad8 23. Nxd7 Rxd7 24. Qd3+ Kg7 25. Qc3+ Nd4 26. Re7+ Rxe7 27. dxe7 Re8 28. Re1 Kg6 29. Bd5 b6 30. Qd3+ Kf6 31. Qh7 1-0

[Event "FICGS class F 000165 email"]
[Site "FICGS email"]
[Date "2015.08.28"]
[Round "1"]
[White "Stoyanov, Zdravko"]
[Black "Goldmund, Heike"]
[Result "1-0"]
[WhiteElo "1124"]
[BlackElo "1150"]
[PlyCount "79"]
[EventDate "2015.??.??"]
[EventType "tourn (corr)"]
[EventRounds "5"]
[SourceTitle "Corr 2022"]
[Source "ChessBase"]
[SourceDate "2021.10.24"]
[SourceVersion "1"]
[SourceVersionDate "2021.10.24"]
[SourceQuality "1"]

1. e4 d5 2. e5 c5 3. h3 Nc6 4. Nf3 Bf5 5. a3 g6 6. c3 Bg7 7. d4 e6 8. Bb5 Nge7 9. dxc5 0-0 10. Bg5 Qc7 11. Bxc6 Nxc6 12. Bf6 Nxe5 13. Bxg7 Nxf3+ 14. Qxf3 Kxg7 15. b4 Qe5+ 16. Qe3 Qxe3+ 17. fxe3 Be4 18. 0-0 Bd3 19. Rf3 f5 20. Nd2 e5 21. g4 Be2 22. Rf2 Bd3 23. Nf3 Rae8 24. Rd1 e4 25. Nd4 fxg4 26. Rxf8 Rxf8 27. Ne6+ Kf7 28. Nc7 Bc4 29. hxg4 Ke7 30. Nxd5+ Bxd5 31. Rxd5 Ke6 32. c4 Rf3 33. b5 Rxe3 34. c6 bxc6 35. bxc6 Rc3 36. Rc5 Rc1+ 37. Kf2 Rc2+ 38. Ke1 e3 39. c7 Rc1+ 40. Ke2 1-0

[Event "FICGS rapid E 000157 email"]
[Site "FICGS email"]
[Date "2015.08.26"]
[Round "1"]
[White "Vera, Alan"]
[Black "Stoyanov, Zdravko"]
[Result "0-1"]
[WhiteElo "1400"]
[BlackElo "1124"]
[PlyCount "66"]
[EventDate "2015.??.??"]
[EventType "tourn (rapid)"]
[EventRounds "6"]
[SourceTitle "Corr 2022"]
[Source "ChessBase"]
[SourceDate "2021.10.24"]
[SourceVersion "1"]
[SourceVersionDate "2021.10.24"]
[SourceQuality "1"]

1. Nf3 c5 2. c4 Nc6 3. Nc3 a6 4. e4 d6 5. d4 cxd4 6. Nxd4 Nxd4 7. Qxd4 e5 8. Qe3 h6 9. Bd3 Nf6 10. 0-0 Be7 11. Nd5 Nxd5 12. cxd5 Bg5 13. Qe1 0-0 14. Bxg5 Qxg5 15. Qb4 Bh3 16. g3 Bxf1 17. Kxf1 Qe7 18. Kg2 Qc7 19. Qc3 Rac8 20. Qxc7 Rxc7 21. b4 b5 22. a4 Rc3 23. Bf1 Rb3 24. axb5 axb5 25. Bxb5 Rxb4 26. Bd3 Rfb8 27. Ra6 R4b6 28. Ra7 Rb3 29. Bc4 R3b4 30. Bd3 Rd4 31. Bc2 Rb2 32. Rc7 Rd2 33. Rc8+ Kh7 0-1

[Event "FICGS rapid E 000155 email"]
[Site "FICGS email"]
[Date "2015.07.22"]
[Round "1"]
[White "Neil, Charles"]
[Black "Stoyanov, Zdravko"]
[Result "0-1"]
[WhiteElo "1140"]
[BlackElo "1124"]
[PlyCount "100"]
[EventDate "2015.??.??"]
[EventType "tourn (rapid)"]
[EventRounds "6"]
[SourceTitle "Corr 2022"]
[Source "ChessBase"]
[SourceDate "2021.10.24"]
[SourceVersion "1"]
[SourceVersionDate "2021.10.24"]
[SourceQuality "1"]

1. d4 d5 2. Nf3 Bg4 3. Ne5 Be6 4. g3 Qd6 5. Bg2 Nc6 6. Nxc6 Qxc6 7. c3 h6 8. Nd2 Bf5 9. 0-0 e6 10. Re1 Nf6 11. Nf1 Bd6 12. b4 Qxc3 13. Bd2 Qxd4 14. e3 Qc4 15. a3 Bg4 16. Qb1 Bf5 17. Qa2 Qg4 18. Bc3 Be7 19. Rac1 Nd7 20. Qb2 f6 21. h3 Qg6 22. Nh2 Nb6 23. Nf3 Nc4 24. Qb3 0-0-0 25. Nh4 Qh7 26. Nxf5 Qxf5 27. Qa4 a6 28. b5 Bxa3 29. bxa6 Bxc1 30. Rxc1 c6 31. axb7+ Kxb7 32. Qb3+ Kc7 33. Ra1 Rb8 34. Ra7+ Kc8 35. Qa4 Qb1+ 36. Kh2 Qb6 37. Ra6 Qb7 38. Rxc6+ Kd8 39. Ba5+ Ke7 40. Bb4+ Qxb4 41. Qa7+ Rb7 42. Rc7+ Rxc7 43. Qxc7+ Kf8 44. Qd8+ Kf7 45. Qxh8 Ne5 46. Qc8 Qb2 47. Qc7+ Kg6 48. Qc8 Qxf2 49. Qxe6 Nf3+ 50. Kh1 Qg1# 0-1

[Event "FICGS rapid E 000155 email"]
[Site "FICGS email"]
[Date "2015.07.22"]
[Round "1"]
[White "Stoyanov, Zdravko"]
[Black "Kehayov, Yulian"]
[Result "1/2-1/2"]
[WhiteElo "1124"]
[BlackElo "1030"]
[PlyCount "86"]
[EventDate "2015.??.??"]
[EventType "tourn (rapid)"]
[EventRounds "6"]
[SourceTitle "Corr 2022"]
[Source "ChessBase"]
[SourceDate "2021.10.24"]
[SourceVersion "1"]
[SourceVersionDate "2021.10.24"]
[SourceQuality "1"]

1. e4 e5 2. Nf3 d6 3. h3 Nf6 4. c3 Be7 5. a3 0-0 6. d3 h6 7. Be3 c6 8. Nbd2 d5 9. Nxe5 Nbd7 10. Ndf3 Nxe5 11. Nxe5 dxe4 12. d4 Bd6 13. Nc4 b5 14. Nxd6 Qxd6 15. Be2 Nd5 16. Qc1 Nxe3 17. Qxe3 f5 18. 0-0 a5 19. Rfe1 Be6 20. Bh5 Bf7 21. Bxf7+ Rxf7 22. Qd2 c5 23. Re3 cxd4 24. cxd4 Rd7 25. Rd1 Rad8 26. Qxa5 Qb8 27. Qc3 Qb6 28. Qb3+ Kh7 29. a4 Rxd4 30. Rxd4 Rxd4 31. axb5 Rd8 32. Rc3 Rb8 33. h4 Qxb5 34. Qxb5 Rxb5 35. b3 h5 36. Re3 g6 37. g3 Kh6 38. Kh2 g5 39. hxg5+ Kxg5 40. Kh3 Rd5 41. f3 exf3 42. Rxf3 Rb5 43. Rd3 Rb4 1/2-1/2

[Event "FICGS rapid E 000155 email"]
[Site "FICGS email"]
[Date "2015.07.22"]
[Round "1"]
[White "Stoyanov, Zdravko"]
[Black "Pipac, Darko"]
[Result "0-1"]
[WhiteElo "1124"]
[BlackElo "1128"]
[PlyCount "106"]
[EventDate "2015.??.??"]
[EventType "tourn (rapid)"]
[EventRounds "6"]
[SourceTitle "Corr 2022"]
[Source "ChessBase"]
[SourceDate "2021.10.24"]
[SourceVersion "1"]
[SourceVersionDate "2021.10.24"]
[SourceQuality "1"]

1. e4 e5 2. Nf3 d6 3. h3 Nf6 4. c3 Nxe4 5. Qa4+ Nc6 6. Qxe4 g6 7. Bb5 Bd7 8. 0-0 a6 9. Bc4 Bg7 10. Ng5 Qxg5 11. Qf3 Qf5 12. Qxf5 Bxf5 13. d3 0-0-0 14. Bxf7 Bxd3 15. Rd1 Bc2 16. Re1 Bxb1 17. Rxb1 Rhf8 18. Bd5 Ne7 19. Bg5 Bf6 20. Bh6 Rh8 21. Re4 Nxd5 22. Rd1 Ne7 23. b4 c6 24. Be3 d5 25. Rg4 d4 26. cxd4 exd4 27. Bxd4 Bxd4 28. Rgxd4 Rxd4 29. Rxd4 Nf5 30. Re4 Rd8 31. a4 Kc7 32. g4 Nd4 33. Re7+ Rd7 34. Re4 Nf3+ 35. Kg2 Ng5 36. Re5 Nf7 37. Re3 Kb6 38. Rf3 Ne5 39. Rc3 a5 40. Rc5 Rd5 41. Rxd5 cxd5 42. b5 Kc5 43. f4 Nd3 44. f5 gxf5 45. gxf5 Kd6 46. Kg3 Ke7 47. h4 h5 48. Kf3 Kf6 49. Ke3 Nb4 50. Kf4 d4 51. Ke4 d3 52. Ke3 Kxf5 53. Kf3 b6 0-1

[Event "FICGS class F 000162 email"]
[Site "FICGS email"]
[Date "2015.07.15"]
[Round "1"]
[White "Kehayov, Yulian"]
[Black "Stoyanov, Zdravko"]
[Result "1-0"]
[WhiteElo "1030"]
[BlackElo "1124"]
[PlyCount "151"]
[EventDate "2015.??.??"]
[EventType "tourn (corr)"]
[EventRounds "5"]
[SourceTitle "Corr 2022"]
[Source "ChessBase"]
[SourceDate "2021.10.24"]
[SourceVersion "1"]
[SourceVersionDate "2021.10.24"]
[SourceQuality "1"]

1. e4 c5 2. d4 cxd4 3. Qxd4 d6 4. Nf3 Nc6 5. Qd1 a6 6. Be2 h6 7. 0-0 e5 8. c4 Nf6 9. Nc3 Bd7 10. b3 Be7 11. Nd5 Nxd5 12. cxd5 Na7 13. Bb2 Bg4 14. h3 Bh5 15. g4 Bg6 16. Bd3 Bh4 17. Nxh4 Qxh4 18. Kg2 0-0 19. f3 Nc8 20. Qe1 Qg5 21. Qf2 Ne7 22. Ba3 Qf6 23. Qb6 h5 24. Qxb7 h4 25. Bxa6 Qg5 26. Bc1 Qf6 27. Bc4 Rab8 28. Qa7 Ra8 29. Qf2 Nc8 30. Bd2 Rb8 31. Be1 Nb6 32. Qe2 Rfc8 33. Bd3 Nd7 34. Qf2 Nc5 35. Be2 Qg5 36. Qxh4 Qxh4 37. Bxh4 Ra8 38. Rf2 Nxb3 39. Bc4 Rxc4 40. axb3 Rcc8 41. Rxa8 Rxa8 42. Be7 Ra7 43. Bxd6 f6 44. b4 Be8 45. f4 exf4 46. Rxf4 Bb5 47. Kg3 Ra3+ 48. Rf3 Ra6 49. Bc5 Kh7 50. h4 Kh6 51. Re3 g6 52. Kf4 Bf1 53. e5 g5+ 54. hxg5+ fxg5+ 55. Kg3 Bc4 56. d6 Be6 57. Rf3 Kg7 58. Rf6 Ra3+ 59. Rf3 Ra6 60. Rc3 Ra4 61. Rd3 Bd7 62. e6 Bxe6 63. d7 Bxd7 64. Rxd7+ Kf6 65. b5 Rc4 66. Be3 Rc3 67. Kf3 Ke6 68. Rd8 Ke7 69. Rb8 Rb3 70. b6 Kd7 71. Rg8 Rb5 72. Rxg5 Rb4 73. Rg7+ Kc8 74. g5 Rb5 75. b7+ Kb8 76. Bf4+ 1-0